Máme takú zdatnú mládež, aký jej ponúkame spôsob života a dostatok pohybu

Bibliographic Details
Main Author: Moravec, Roman, 1950-2009 (Author)
Format: Article
Language:Slovak
PhysicalDescription:Grafy 2
ISSN:0862-9567
Subjects:

MARC

LEADER 00000nab a2200000 a 4500
001 vtls000533975
003 SK-MaSNL
005 20260303010120.0
008 140228c1994 xo 0 slo
015 |a SNBRB19rr/mm-uuuuu 
035 |a CL0534113 
040 |a SNKBUCL  |b slo  |c SNKBUCL  |e AACR2 
041 0 |a slo 
044 |a xo  |c SK 
080 |a 796.012.1-053.6(437.6)  |2 1981 
100 1 |a Moravec, Roman,  |d 1950-2009  |4 aut  |9 109705 
245 1 0 |a Máme takú zdatnú mládež, aký jej ponúkame spôsob života a dostatok pohybu  |c Roman Moravec 
300 |b Grafy 2 
650 0 7 |a telesná zdatnosť  |2 snkbucl  |9 63962 
650 0 7 |a výkonnosť pohybová  |2 snkbucl  |9 987150 
650 0 7 |a mládež  |2 snkbucl  |9 1575 
655 7 |a články z novín a časopisov  |2 snkbucl  |9 267496 
773 0 |t Hospodárske noviny  |g Č. 217 (11. 11. 1994), s. 8  |x 0862-9567 
850 |a Slovenská národná knižnica v Martine  |a MTA001 
852 |a SNK  |b KIS3GCP 
958 |a RK 
992 |a RBX 
999 |c 1585621  |d 1587551